LIBRARY ONLINE CATALOGUE

Election Law : (Record no. 11702)

MARC details
000 -LEADER
fixed length control field 01042nam a22002652 4500
001 - CONTROL NUMBER
control field 0000025434
005 - DATE AND TIME OF LATEST TRANSACTION
control field 20151217154540.0
008 - FIXED-LENGTH DATA ELEMENTS--GENERAL INFORMATION
fixed length control field 150917s xx 000 0 eng d
020 ## - INTERNATIONAL STANDARD BOOK NUMBER
International Standard Book Number 1611631784 :
040 ## - CATALOGING SOURCE
Original cataloging agency KABU
Transcribing agency KABU
100 1# - MAIN ENTRY--PERSONAL NAME
Personal name Lowenstein, Daniel Hays.
-- 0000186074
245 10 - TITLE STATEMENT
Title Election Law :
Remainder of title cases and materials /
Statement of responsibility, etc. by Daniel Hays Lowenstein, Richard L. Hassen and Daniel P. Tokaji.
250 ## - EDITION STATEMENT
Edition statement 5th ed.
260 ## - PUBLICATION, DISTRIBUTION, ETC. (IMPRINT)
Place of publication, distribution, etc. North Carolina :
Name of publisher, distributor, etc. Carolina Academic Press,
Date of publication, distribution, etc. 2012.
300 ## - PHYSICAL DESCRIPTION
Extent xxix, 981 p.
650 #0 - SUBJECT ADDED ENTRY--TOPICAL TERM
Topical term or geographic name as entry element Election law
General subdivision United States.
-- 0000186075
852 1# - LOCATION
-- P32,500KES
852 1# - LOCATION
-- P32,500KES
852 1# - LOCATION
-- P32,500KES
852 1# - LOCATION
-- P32,500KES
852 1# - LOCATION
-- P32,500KES
852 1# - LOCATION
-- P32,500KES
908 ## - PUT COMMAND PARAMETER (RLIN)
Put command parameter 150917
950 ## - LOCAL HOLDINGS (RLIN)
-- 1
Holdings
Withdrawn status Lost status Source of classification or shelving scheme Not for loan Home library Current library Date acquired Total Checkouts Full call number Barcode Date last seen Date last checked out Price effective from Koha item type Total Renewals Checked out
    Library of Congress Classification   Kabarak, Main Campus Kabarak, Main Campus 17/12/2015 5 KF4886 .L69 2012 C.1 020148 27/11/2025 22/11/2025 17/12/2015 General Collection    
    Library of Congress Classification   Kabarak, Main Campus Kabarak, Main Campus 17/12/2015 4 KF4886 .L69 2012 C.2 020152 22/05/2025 06/05/2025 17/12/2015 General Collection 1  
    Library of Congress Classification   Kabarak, Main Campus Kabarak, Main Campus 17/12/2015 5 KF4886 .L69 2012 C.4 020142 24/01/2022 05/08/2021 17/12/2015 General Collection 1  
    Library of Congress Classification   Kabarak, Main Campus Kabarak, Main Campus 17/12/2015 4 KF4886 .L69 2012 C.5 020144 09/07/2019 24/06/2019 17/12/2015 General Collection    
    Library of Congress Classification   Kabarak, Main Campus Kabarak, Main Campus 17/12/2015 3 KF4886 .L69 2012 C.6 020150 02/10/2017 11/09/2017 17/12/2015 General Collection    
    Library of Congress Classification   Kabarak, Main Campus Kabarak, Main Campus 17/12/2015 4 KF4886 .L69 2012 C.7 020140 23/10/2017 07/10/2017 17/12/2015 General Collection    
    Library of Congress Classification   Kabarak, Main Campus Kabarak, Main Campus 17/12/2015 8 KF4886 .L69 2012 C.3 020146 17/04/2026 17/04/2026 17/12/2015 General Collection 1 03/08/2026